Contextos escolares protectores una nueva alternativa de prevencin̤ contra el abuso sexual infantil /

Detalles Bibliográficos
Autor principal: Benavides Delgado, Jacqueline
Formato: eBook
Lenguaje:español
Publicado: Bogot:̀ Ediciones Universidad Cooperativa de Colombia, 2017
Materias:
Acceso en línea:Acceso restringido

MARC

LEADER 00000nam a22000007a 4500
005 20191015214938.0
007 cr|||| ||||
008 191015s2017 co |||||s|||| 00||0 spa d
020 |a 978-958-760-071-1 
035 |a 30535 
040 |a vLex 
090 |c 9824  |d 9824 
100 1 |a Benavides Delgado, Jacqueline 
245 1 0 |a Contextos escolares protectores  |h [Recurso electrn̤ico] :  |b una nueva alternativa de prevencin̤ contra el abuso sexual infantil /  |c Jacqueline Benavides Delgado 
256 |a Servicio en ln̕ea 
260 |a Bogot:̀  |b Ediciones Universidad Cooperativa de Colombia,  |c 2017 
300 |a 1 recurso electrn̤ico 
506 1 |a Disponible solo en los productos indicados  |d vLex Global  |d vLex Global (Academic Edition, excluding Law Schools)  |d vLex Global (U.S. Academic Edition, Law Schools)  |d vLex Global (U.S. Academic Edition, excluding Law Schools)  |d vLex Global (Academic Edition, Law Schools) 
650 0 4 |a Derecho Pb︢lico y Administrativo  |z Colombia 
740 0 |a vLex Libros (Servicio en ln̕ea) 
856 4 0 |u http://vlex.com/source/contextos-escolares-protectores-nueva-alternativa-prevencion-abuso-sexual-infantil-30535  |z Acceso restringido 
942 |c BOOK 
999 0 |a Public and Administrative Law